000 00798nam a2200253 a 4500
001 nice12345678
003 IN_TiNIC
005 20260116011555.0
008 080303s1861 lona grp 000 0 eng
020 _a
_c100
082 0 0 _a297.63
_bMUI5
100 _aMuir, William
245 _aThe Life of Mahomet
260 _aLondon
_bSmith Elder and Co.
_c1861
300 _a00
500 _aincludes index and biblioraphy
505 2 _aBibliography
505 2 _aBibliography00
_gV1C1.
_tLife of Mahomet.--
_gV4C1.
_tLife of Mahomet.--
_gV3C1.
_tLife of Mahomet.--
_gV4C2.
_tLife of Mahomet.--
_gV1C3.
_tLife of Mahomet.--
_gV2.
_tLife of Mahomet.--
_gV3C2.
_tLife of Mahomet.--
_gV1C2.
_t
650 _aMuhammad, Prophet
700 1 _aMuir, William
902 _bSRS
942 _cBK
999 _c2687
_d2687